000 00779nam a22002532a 4500
001 20573
003 BD-RjUL
005 20211209000601.0
008 140301r19501948en 000 0 eng d
035 _a(BD-RjUL)20635
040 _aGAS
_cGAS
_dEQO
_dBD-RjUL
_beng
041 _aeng
082 0 4 _a823
_bHOR 1950
090 _aPZ3.H84
_bRi48
100 1 _aHowells, William Dean,
_d1837-1920.
_954835
245 1 4 _aThe rise of Silas Lapham /
_cwith an introduction by Howard Mumford Jones
260 _aLondon :
_bOxford University Press,
_c1948 [reprinted 1950].
300 _a385 p. ;
_c18 cm.
490 1 _aWorld's classics
650 1 _a Businessmen -- United States -- Fiction.
_963472
830 0 _aWorld's classics
_963497
942 _2ddc
_cBK
999 _c20573
_d20573